000 00298nam a2200133Ia 4500
008 231129s1956||||xx |||||||||||||| ||spa||
040 _bspa
082 _aEU813 M754c
100 _aMonsarrat Nicholas
245 0 _aEl castillo de garac
260 _c1956
264 _aCumbre
942 _2ddc
_cBKS
999 _c10535
_d10535